| 000 | 01338nam a2200385 a 4500 | ||
|---|---|---|---|
| 005 | 20250331191042.0 | ||
| 008 | 080821s2008 sp gr 000 j spa d | ||
| 020 | _a9788483810361 | ||
| 040 |
_aCO-CtgCURN _bspa _ccoctgcurn |
||
| 043 | _ae-no--- | ||
| 082 | 0 | 4 |
_a839.8236 _bA835 _219 |
| 100 | 1 |
_aAskildsen, Kjell, _d1929- |
|
| 245 | 1 | 0 |
_aDesde ahora te acompañaré a casa / _cKjell Askildsen ; traducción de Kirsti Baggethun y Asunción Lorenzo. |
| 260 | 3 |
_aMadrid : _bLengua de Trapo, _c2008. |
|
| 300 |
_a157 páginas ; _c22 cm. |
||
| 440 | 0 |
_aOtras lenguas ; _v44 |
|
| 505 | 0 | _aCrías de gaviota ; Canícula ; Final del verano ; Encuentro ; Una lechera de tiempo ; La noche de Mardon ; Nada por Nada ; Pamela ; El significado ; Todo como antes. | |
| 650 | 0 | _aCuentos noruegos. | |
| 650 | 6 |
_aVerano _vCuentos. |
|
| 650 | 6 |
_aGaviotas _vCuentos. |
|
| 700 | 1 |
_aBaggethun, Kirsti, _d1944- _etraductor. |
|
| 700 | 1 |
_aLorenzo, Asunción, _etraductor. |
|
| 740 | 0 | _aCrias de gaviota. | |
| 740 | 0 | _aCanícula. | |
| 740 | 0 | _aFinal del verano. | |
| 740 | 0 | _aEncuentro. | |
| 740 | 4 | _aUna lechera de tiempo. | |
| 740 | 3 | _aLa noche de Mardon. | |
| 740 | 0 | _aNada por nada. | |
| 740 | 3 | _aEl significado. | |
| 740 | 0 | _aTodo como antes. | |
| 740 | 0 | _aPamela. | |
| 949 |
_an _bn |
||
| 999 |
_c25831 _d25831 |
||